000 00338nam a2200145Ia 4500
003 LK-CoDNM
008 010623t xxu||||| |||| 00| 1 eng d
040 _aLK-CoDNM
_dLK-CoDNM
_eLK-CoDNM
041 _aeng
080 _a50
_bF15
100 _aEnanapiragasam,S.
245 _aNotes on English History
300 _b80p., 18 cm
942 _cBK
999 _c135146
_d135146